Nursing Education : Principles and concepts (Record no. 157698)

MARC details
000 -LEADER
fixed length control field 00352nam a2200133Ia 4500
008 - FIXED-LENGTH DATA ELEMENTS--GENERAL INFORMATION
fixed length control field 230411s9999 xx 000 0 und d
041 ## - LANGUAGE CODE
Language code of text/sound track or separate title eng
082 ## - DEWEY DECIMAL CLASSIFICATION NUMBER
Classification number AD/610.7/SUD/B07596
100 ## - MAIN ENTRY--PERSONAL NAME
Personal name Sudha R
245 ## - TITLE STATEMENT
Title Nursing Education : Principles and concepts
260 ## - PUBLICATION, DISTRIBUTION, ETC. (IMPRINT)
Name of publisher, distributor, etc. Jaypee Brothers
Place of publication, distribution, etc. New Delhi
Date of publication, distribution, etc. 2013
300 ## - PHYSICAL DESCRIPTION
Extent 424p
Holdings
Withdrawn status Lost status Damaged status Not for loan Collection code Home library Current library Date acquired Vendor Cost, normal purchase price Bill number Total Checkouts Total Renewals Full call number Barcode Date last seen Date last checked out Cost, replacement price Bill Date Koha item type Original Barcode
          Smt. Bakul Tambat Institute of Nursing Education Smt. Bakul Tambat Institute of Nursing Education 08/05/2013 Jaypee Brothers Medical Publishers 395.00 396 9 1 AD 610.7 SUD B07596 BTIN-BK-7596 07/08/2025 29/07/2025 288.00 08/05/2013 Books B07596